00172 a2200073 450000100060000010000240000624500410003026000270007126459 aReade's Digst Assn. aIllustrated family Red. Encyclopidia abRead's Digst Asso.c